000 00393pab a2200157 454500
008 180718b2002 xxu||||| |||| 00| 0 eng d
100 _aBoldrin, Michele
245 _aThe case against intellectual property
260 _c2002
300 _ap.209-12.
362 _aMay
650 _aIntellectual property
700 _aLevine, David
773 _aAmerican Economic Review
909 _a53007
999 _c53007
_d53007